000 00842nam a2200289Ia 4500
003 OSt
005 20221006144557.0
006 a|||||r|||| 00| 0
007 ta
008 221006b |||||||| |||| 00| 0 eng d
020 _a0416132502
_c£9.95
020 _a9780416132502
024 _a12,028
037 _cTextual
040 _aEASL
_cEASL
_beng
041 _2eng
_aeng
082 _aV3:1958,(zB).N14, L7
100 _aGillard David
_9433962
245 0 _aStruggle for Asia 1828-1914
_b A study in British and Russian imperialism
260 _aLondon
_bMethuen & Co.
_c1977
300 _a214p.
_ccm.
490 _v Gen
650 _a Gen
650 _aBritain - Foreign relations - Russia - Soviet Union
_9652311
942 _hV3:1958,(zB).N14, L7
_cTEXL
_2CC
999 _c1080114
_d1080114